00630nam a2200193 a 45000010005000000030009000050050017000140080041000310200018000720400028000900820015001181000026001332450061001592500084002203000025003046500027003296500043003566500037003994091CO-ViMGA20251023193838.0150407r2014 ck gr 00110 spa d a9788449328770 aCO-ViMGAbspacCO-ViMGA04a170 bC67e10aCortina, Adelad1933-11aPara que sirve realmente...? bla etica cAdela Cortina aEdicion especial para El Ministerio de Cultura, Biblioteca Nacional de Colombia a180 paginas c22 cm.14aConducta (etica)2LEMB14aetica xPreguntas y respuestas 2LEMB14aetica x Aspectos sociales2LEMB